01070nam a2200265 a 450000100060000000300080000600500170001400800390003103500190007004000270008904100080011608200280012410000450015224500740019726000360027130000250030750000760033250400510040850400540045960000730051365000460058694200120063299900170064495201430066136286BD-RjUL20211209052450.0140619s1984 ii b 001 0 eng a(BD-RjUL)36383 aDLCcDLCdBD-RjULbeng aeng00a320.50924219bBAP 19841 aBandyopadhyay, Bholanath,d1948-911043914aThe political ideas of Benoy Kumar Sarkar /cBholanath Bandyopadhyay. aCalcutta :bK.P. Bagchi,c1984. aix, 179 p. ;c22 cm. aRevision of the authorʾs thesis (Ph. D.--University of Calcutta, 1982) aIncludes bibliographical references and index. aWorks by and on Benoy Kumar Sarkar: p. [167]-176.10aSarkar, Benoy Kumar,d1887-1949xPolitical and social views.9110450 0aPolitical sciencezIndiaxHistory.982099 2ddccBK c36286d36286 00102ddc40718NFICaRUCLbRUCLcReadingd1989-04-30eKarim Int.g80.00l0o320.50924 BAP 1984r2014-06-19 00:00:00tC-1w2014-06-19yBK